| 000 | 00474cam a2200205ua 4500 | ||
|---|---|---|---|
| 001 | 9143 | ||
| 008 | 150223n ii |||gr||||Z||||||asm | ||
| 020 | _a8185905401 | ||
| 040 | _cMAIN | ||
| 041 | _aasm | ||
| 082 | _a330.954 | ||
| 100 |
_aBaruah, H., _eAuthor. |
||
| 245 | 1 |
_aBharatar arthonoitik bikash _cBy Hem Baruah |
|
| 250 | _a1st. | ||
| 260 |
_aGuwahati: _bStudents, _c2010. |
||
| 300 | _a156p. | ||
| 653 | _aEconomics | ||
| 653 | _aIndian economics | ||
| 942 | _cBK | ||
| 999 |
_c8215 _d8215 |
||